| 000 | 00369nam a2200121Ia 4500 | ||
|---|---|---|---|
| 008 | 240731s9999 xx 000 0 und d | ||
| 022 | _a1744-5108 | ||
| 245 | 0 | _aOrbit : The International Journal on Orbital Disorders, Oculoplastic and Lacrimal Surgery | |
| 260 | _bTaylor & Francis | ||
| 856 | _uhttps://www.tandfonline.com/loi/iorb20 | ||
| 942 | _2ddc | ||
| 942 | _cTFEJ | ||
| 999 |
_c78816 _d78816 |
||
| 945 |
_a1 _bMadushi Gamage _c1 _dMadushi Gamage |
||